Abstention in Argentine. Presidential elections, 1983-1999 /
שמור ב:
| מחבר ראשי: | |
|---|---|
| מחברים אחרים: | |
| פורמט: | Texto |
| נושאים: | |
| תגים: |
הוספת תג
אין תגיות, היה/י הראשונ/ה לתייג את הרשומה!
|
MARC
| LEADER | 00000 a a2200000 04500 | ||
|---|---|---|---|
| 001 | 9246 | ||
| 003 | |||
| 040 | |||
| 100 | |a Canton, Darío | ||
| 245 | |a Abstention in Argentine. Presidential elections, 1983-1999 / |c Darío Canton ; Jorge Raúl Jorrat | ||
| 650 | |a ELECCIONES | ||
| 650 | |a PARTICIPACION POLITICA | ||
| 650 | |a ARGENTINA | ||
| 700 | |a Jorrat, Jorge Raúl | ||
| 773 | |g volumen 38, número 1; páginas 187-201 | ||
| 999 | |c 36977 |d 36977 | ||
